[Event "FICGS rapid M 000088 email"]
[Site "FICGS email"]
[Date "2017.07.05"]
[Round "1"]
[White "Schmidt, Jonny"]
[Black "Reid, Malcolm"]
[Result "1-0"]
[WhiteElo "2135"]
[BlackElo "2091"]
[PlyCount "79"]
[EventDate "2017.??.??"]
[EventType "tourn (rapid)"]
[EventRounds "6"]
[SourceTitle "Corr 2022"]
[Source "ChessBase"]
[SourceDate "2021.10.24"]
[SourceVersion "1"]
[SourceVersionDate "2021.10.24"]
[SourceQuality "1"]

1. e4 d5 2. exd5 Qxd5 3. Nc3 Qd6 4. d4 Nf6 5. Nf3 a6 6. g3 Bg4 7. h3 Bh5 8. Bf4 Qb6 9. Bg2 e6 10. g4 Bg6 11. 0-0 Qxb2 12. Qe1 Bb4 13. Bd2 Nbd7 14. Ne5 Bxc3 15. Bxc3 Qxc2 16. f4 0-0 17. f5 exf5 18. gxf5 Bh5 19. Bxb7 Nb6 20. Rf2 Qa4 21. Bxa8 Rxa8 22. Rg2 Nbd5 23. Qh4 g6 24. Rf1 Re8 25. Re1 c5 26. Bb2 Qb4 27. Kh2 cxd4 28. Bxd4 Qd6 29. Kg1 Qc7 30. a4 Re7 31. a5 Re8 32. Rb2 gxf5 33. Rb6 h6 34. Rc6 Qb8 35. Rxf6 Nxf6 36. Qxf6 Re6 37. Qh4 Qb4 38. Re3 Bg6 39. Nd3 Qb1+ 40. Kh2 1-0

[Event "FICGS rapid M 000087 email"]
[Site "FICGS email"]
[Date "2017.05.12"]
[Round "1"]
[White "Reid, Malcolm"]
[Black "Kireev, Sergey Ivanovich"]
[Result "0-1"]
[WhiteElo "2124"]
[BlackElo "2197"]
[PlyCount "104"]
[EventDate "2017.??.??"]
[EventType "tourn (rapid)"]
[EventRounds "6"]
[SourceTitle "Corr 2022"]
[Source "ChessBase"]
[SourceDate "2021.10.24"]
[SourceVersion "1"]
[SourceVersionDate "2021.10.24"]
[SourceQuality "1"]

1. Nf3 Nf6 2. b4 d5 3. e3 e5 4. Nxe5 Bxb4 5. Bb2 0-0 6. c4 Nbd7 7. Nf3 Nb6 8. a3 Ba5 9. cxd5 Nbxd5 10. Bc4 Bg4 11. 0-0 a6 12. Ba2 Re8 13. d3 Qd7 14. h3 Bh5 15. Nbd2 Bxd2 16. Qxd2 Bxf3 17. e4 Re6 18. exd5 Bxd5 19. Bxf6 Rxf6 20. Bxd5 Qxd5 21. Rae1 h6 22. Re7 c5 23. Rfe1 Rd8 24. Qc2 b6 25. R1e3 Rg6 26. g3 Qf5 27. Kg2 Rf6 28. R7e4 Qd5 29. Kg1 Qc6 30. Qc3 Rfd6 31. Rg4 g6 32. Rge4 h5 33. Re7 Rd4 34. h4 a5 35. Ra7 Ra8 36. Rae7 a4 37. Qe1 Rd7 38. Re8+ Kh7 39. R8e5 Rad8 40. Qc3 Rd5 41. Re7 Rf5 42. Qb2 b5 43. Qc3 Rd4 44. Qb2 Rg4 45. Qa2 c4 46. dxc4 Rxc4 47. Re2 Rc1+ 48. Re1 Rxe1+ 49. Rxe1 Rf3 50. Re3 Kg8 51. Re1 Rb3 52. Qa1 Kh7 0-1

[Event "FICGS rapid M 000081 email"]
[Site "FICGS email"]
[Date "2015.11.19"]
[Round "1"]
[White "Helmer, Janos"]
[Black "Reid, Malcolm"]
[Result "1-0"]
[WhiteElo "2210"]
[BlackElo "2143"]
[PlyCount "103"]
[EventDate "2015.??.??"]
[EventType "tourn (rapid)"]
[EventRounds "6"]
[SourceTitle "Corr 2022"]
[Source "ChessBase"]
[SourceDate "2021.10.24"]
[SourceVersion "1"]
[SourceVersionDate "2021.10.24"]
[SourceQuality "1"]

1. Nf3 b5 2. e4 a6 3. d4 Bb7 4. Bd3 e6 5. 0-0 c5 6. c3 c4 7. Bc2 d5 8. e5 h6 9. Nbd2 Nd7 10. Re1 Ne7 11. Nf1 a5 12. h3 Nc6 13. N3h2 b4 14. Bd2 Nb6 15. Ng3 a4 16. a3 bxc3 17. Bxc3 g6 18. Ng4 Be7 19. Qf3 Nd7 20. Ne2 h5 21. Nh2 Nb6 22. Nf4 Nc8 23. Rad1 Bg5 24. Qg3 Bh4 25. Qe3 Bg5 26. Nf3 Bh6 27. h4 N8e7 28. Ng5 Nf5 29. Bxf5 gxf5 30. Nfh3 Ne7 31. Qg3 Bc8 32. Nf4 Bxg5 33. hxg5 Rb8 34. Qe3 Rb3 35. Ne2 h4 36. f4 Ng6 37. Nc1 Rb7 38. Kf2 Kd7 39. Rh1 Qg8 40. Rh3 Qh7 41. Rdh1 Qh5 42. g3 Qg4 43. gxh4 Qxf4+ 44. Qf3 Qe4 45. h5 Ne7 46. Rh4 Qxf3+ 47. Kxf3 Ke8 48. Ne2 Rb3 49. Nf4 Ba6 50. R4h3 Kf8 51. Rg1 Kg7 52. Rhg3 1-0

[Event "FICGS rapid M 000081 email"]
[Site "FICGS email"]
[Date "2015.11.19"]
[Round "1"]
[White "Ortiz, Clodomiro"]
[Black "Reid, Malcolm"]
[Result "1-0"]
[WhiteElo "2175"]
[BlackElo "2143"]
[PlyCount "81"]
[EventDate "2015.??.??"]
[EventType "tourn (rapid)"]
[EventRounds "6"]
[SourceTitle "Corr 2022"]
[Source "ChessBase"]
[SourceDate "2021.10.24"]
[SourceVersion "1"]
[SourceVersionDate "2021.10.24"]
[SourceQuality "1"]

1. d4 Nc6 2. d5 Ne5 3. f4 Ng6 4. Nc3 e6 5. dxe6 fxe6 6. h4 Bb4 7. h5 Bxc3+ 8. bxc3 N6e7 9. e4 Nc6 10. Nf3 Qe7 11. a4 d6 12. Bb5 Bd7 13. Qe2 0-0-0 14. Rb1 Kb8 15. e5 Nh6 16. Ba3 Nf5 17. Kf2 Ka8 18. Rhd1 g5 19. fxg5 Rdf8 20. Kg1 Rhg8 21. exd6 cxd6 22. Bd3 Qe8 23. Bxf5 Rxf5 24. Rxd6 Bc8 25. Qe4 Qf7 26. c4 Rf4 27. Qd3 Qc7 28. h6 Rf5 29. Rd1 Qb6+ 30. c5 Qc7 31. Re1 Rgf8 32. Re4 Ne7 33. Nd4 Rxg5 34. Nb5 Qb8 35. Bc1 Rd5 36. Rxd5 Nxd5 37. c4 Ne7 38. Bf4 Rxf4 39. Qd8 Rxe4 40. Nc7+ Qxc7 41. Qxc7 1-0

[Event "FICGS rapid M 000055 email"]
[Site "FICGS email"]
[Date "2012.06.06"]
[Round "1"]
[White "Reid, Malcolm"]
[Black "Fabris, Alberto"]
[Result "1-0"]
[WhiteElo "2119"]
[BlackElo "2227"]
[PlyCount "65"]
[EventDate "2012.??.??"]
[EventType "tourn (rapid)"]
[EventRounds "6"]
[SourceTitle "Corr 2022"]
[Source "ChessBase"]
[SourceDate "2021.10.24"]
[SourceVersion "1"]
[SourceVersionDate "2021.10.24"]
[SourceQuality "1"]

1. e4 d5 2. Nf3 dxe4 3. Ng5 Nf6 4. Nc3 Bg4 5. Be2 Bf5 6. d3 exd3 7. cxd3 e6 8. Qb3 Qc8 9. g4 Bg6 10. f4 Na6 11. Be3 Nb4 12. 0-0 h6 13. Nge4 Be7 14. Nxf6+ gxf6 15. a3 Nc6 16. d4 Rg8 17. Kh1 f5 18. d5 Nd8 19. Rg1 Kf8 20. gxf5 exf5 21. Bf3 a6 22. Rae1 b6 23. d6 Bxd6 24. Nd5 Ne6 25. Qc3 Rg7 26. Bf2 Rb8 27. Rxg6 fxg6 28. Qf6+ Kg8 29. Rxe6 Qd7 30. Bd4 Qf7 31. Qh4 Qxe6 32. Nf6+ Kf7 33. Bd5 1-0

[Event "FICGS rapid M 000055 email"]
[Site "FICGS email"]
[Date "2012.06.06"]
[Round "1"]
[White "Simmelink, Joop Theo"]
[Black "Reid, Malcolm"]
[Result "1/2-1/2"]
[WhiteElo "2189"]
[BlackElo "2119"]
[PlyCount "61"]
[EventDate "2012.??.??"]
[EventType "tourn (rapid)"]
[EventRounds "6"]
[SourceTitle "Corr 2022"]
[Source "ChessBase"]
[SourceDate "2021.10.24"]
[SourceVersion "1"]
[SourceVersionDate "2021.10.24"]
[SourceQuality "1"]

1. e4 d5 2. exd5 Qxd5 3. Nc3 Qd6 4. d4 Nf6 5. Nf3 a6 6. g3 Bg4 7. Bg2 Nc6 8. 0-0 e6 9. Bf4 Qb4 10. a3 Qb6 11. h3 Bxf3 12. Qxf3 Nxd4 13. Qxb7 Qxb7 14. Bxb7 Rb8 15. Bxa6 Rxb2 16. Bd3 Bd6 17. Bc1 Rb8 18. a4 Be5 19. Ra2 Ke7 20. Kg2 Rhd8 21. Re1 Nf3 22. Kxf3 Bxc3 23. Rd1 Nd5 24. a5 Nb4 25. Ra3 Nxd3 26. Rxd3 Rxd3+ 27. cxd3 Bd4 28. Bf4 Bc5 29. Ra4 Kd7 30. Be5 f6 31. Bd4 1/2-1/2

[Event "FICGS rapid A 000109 email"]
[Site "FICGS email"]
[Date "2011.07.06"]
[Round "1"]
[White "Lopez, Jose Martin"]
[Black "Reid, Malcolm"]
[Result "1/2-1/2"]
[WhiteElo "2000"]
[BlackElo "2018"]
[PlyCount "138"]
[EventDate "2011.??.??"]
[EventType "tourn (rapid)"]
[EventRounds "6"]
[SourceTitle "Corr 2013"]
[Source "ChessBase"]
[SourceDate "2012.11.12"]
[SourceVersion "1"]
[SourceVersionDate "2012.11.12"]
[SourceQuality "1"]

1. e4 d5 2. exd5 Nf6 3. d4 Bg4 4. f3 Bf5 5. g4 Bg6 6. c4 e6 7. Nc3 exd5 8. g5 Nfd7 9. Nxd5 Nc6 10. h4 Nb6 11. Qe2+ Be7 12. Nxe7 Nxd4 13. Nc6+ Nxe2 14. Nxd8 Nxg1 15. Rxg1 Rxd8 16. b3 0-0 17. Bf4 c6 18. Kf2 Bf5 19. Be2 Rfe8 20. Rgd1 Nd7 21. Bc7 Rc8 22. Bd6 Nf8 23. Rd2 Ne6 24. Rad1 Rcd8 25. b4 g6 26. f4 h5 27. gxh6 Kh7 28. Be5 Rxd2 29. Rxd2 a5 30. a3 axb4 31. axb4 Rf8 32. Rd7 Nxf4 33. Re7 Nxe2 34. Bg7 Rd8 35. Rxf7 Be6 36. Re7 Bxc4 37. Bf6+ Kxh6 38. Bg5+ Kh5 39. Rh7+ Kg4 40. Bxd8 b5 41. Rc7 Nd4 42. Bf6 Nc2 43. Bc3 Bd5 44. Rg7 Kf5 45. Re7 Kf4 46. Re8 Na3 47. Rf8+ Kg4 48. Bf6 Nc4 49. Be7 Ne5 50. Rf6 Nd3+ 51. Ke3 Ne5 52. Rf2 Nc4+ 53. Kd4 Bf3 54. Rf1 Kg3 55. Rg1+ Bg2 56. Rc1 Bd5 57. Bg5 Bf3 58. Re1 Kg4 59. Bd8 Bg2 60. Kc5 Kh5 61. Rg1 Bf3 62. Rg5+ Kxh4 63. Rxg6+ Kh3 64. Rxc6 Bxc6 65. Kxc6 Na3 66. Bf6 Kg4 67. Bb2 Nc2 68. Kxb5 Kf4 69. Ka6 Nxb4+ 1/2-1/2

[Event "FICGS rapid A 000109 email"]
[Site "FICGS email"]
[Date "2011.07.06"]
[Round "1"]
[White "Reid, Malcolm"]
[Black "Domingo Gadea, Jordi"]
[Result "1/2-1/2"]
[WhiteElo "2018"]
[BlackElo "1920"]
[PlyCount "151"]
[EventDate "2011.??.??"]
[EventType "tourn (rapid)"]
[EventRounds "6"]
[SourceTitle "Corr 2013"]
[Source "ChessBase"]
[SourceDate "2012.11.12"]
[SourceVersion "1"]
[SourceVersionDate "2012.11.12"]
[SourceQuality "1"]

1. a3 e5 2. d4 exd4 3. Nf3 Nf6 4. Qxd4 Nc6 5. Qd3 d5 6. Nc3 Be6 7. e4 dxe4 8. Nxe4 Nxe4 9. Qxe4 Qd5 10. Bd3 0-0-0 11. 0-0 Qxe4 12. Bxe4 Bd5 13. Bxd5 Rxd5 14. Be3 Be7 15. Rad1 Rhd8 16. Rxd5 Rxd5 17. g3 Bf6 18. c3 b5 19. Kg2 a5 20. Rc1 Kb7 21. h4 h5 22. a4 g6 23. Ra1 Ne5 24. axb5 Rxb5 25. Nxe5 Bxe5 26. Bc1 Kb6 27. Kf3 f5 28. Ke2 Rd5 29. c4 Rd8 30. Be3+ c5 31. Ra2 Bd4 32. Bf4 Re8+ 33. Kf3 a4 34. Bg5 Re1 35. Rxa4 Bxb2 36. Ra8 Bd4 37. Rg8 Re6 38. Bf4 Kc6 39. Rd8 Kb7 40. Rf8 Kc6 41. Rc8+ Kb7 42. Rd8 Kc6 43. Rg8 Kd7 44. Ra8 Rb6 45. Be3 Ke7 46. Ra5 Rb3 47. Kf4 Rc3 48. Ra7+ Ke6 49. Ra6+ Kf7 50. Bxd4 cxd4 51. Kg5 d3 52. Rd6 Rxc4 53. Rd7+ Ke6 54. Rxd3 Rg4+ 55. Kh6 f4 56. Rf3 Kf5 57. Ra3 fxg3 58. fxg3 Kf6 59. Rf3+ Ke6 60. Kg7 g5 61. hxg5 Rxg5+ 62. Kh6 Re5 63. Ra3 Kf7 64. Ra7+ Kf8 65. Ra6 h4 66. gxh4 Kg8 67. Kg6 Re8 68. h5 Rb8 69. Rd6 Ra8 70. Rb6 Rc8 71. Kh6 Ra8 72. Rg6+ Kh8 73. Rd6 Kg8 74. Kg6 Rb8 75. Ra6 Rc8 76. Kh6 1/2-1/2

[Event "FICGS rapid A 000109 email"]
[Site "FICGS email"]
[Date "2011.07.06"]
[Round "1"]
[White "Reid, Malcolm"]
[Black "Riha, Josef"]
[Result "1-0"]
[WhiteElo "2018"]
[BlackElo "2022"]
[PlyCount "215"]
[EventDate "2011.??.??"]
[EventType "tourn (rapid)"]
[EventRounds "6"]
[SourceTitle "Corr 2013"]
[Source "ChessBase"]
[SourceDate "2012.11.12"]
[SourceVersion "1"]
[SourceVersionDate "2012.11.12"]
[SourceQuality "1"]

1. b3 e5 2. Bb2 Nc6 3. e3 Nf6 4. Bb5 Bd6 5. Ne2 a6 6. Bxc6 dxc6 7. 0-0 Qe7 8. a4 h5 9. Na3 h4 10. Nc4 h3 11. g3 Bf5 12. d3 0-0-0 13. e4 Bg6 14. Qc1 Nd7 15. Nxd6+ cxd6 16. b4 d5 17. exd5 cxd5 18. b5 Rde8 19. bxa6 bxa6 20. Rb1 Qc5 21. Ba3 Qc6 22. f3 Re6 23. Rb3 Qa8 24. Rf2 Rc6 25. Nc3 Rf6 26. Be7 Re6 27. Bb4 f6 28. Qa3 Bf7 29. a5 Rc6 30. Na4 Qa7 31. Bd6 Kd8 32. Nb6 d4 33. Rb2 Re8 34. Na4 Bd5 35. Bb4 g5 36. Qa1 Rg8 37. Qe1 Rg7 38. Nb6 Be6 39. c3 dxc3 40. Bxc3 Qc7 41. Rfc2 Bf5 42. Nd5 Qd6 43. Ne3 Bxd3 44. Bb4 Qc7 45. Rc3 Rxc3 46. Qxc3 Qxc3 47. Bxc3 Re7 48. Rd2 Bb5 49. Rd6 Kc7 50. Bb4 Rf7 51. g4 Bc6 52. Kf2 e4 53. fxe4 Ne5 54. Kg3 Rd7 55. Nd5+ Bxd5 56. Rxd5 Rxd5 57. exd5 Kd7 58. Kxh3 Nd3 59. Bf8 Nf4+ 60. Kg3 Nxd5 61. Kf3 Ke6 62. Ke4 Nf4 63. Bb4 Nd5 64. Be1 Kd6 65. Bg3+ Kc6 66. Bf2 Kd6 67. Kf5 Ke7 68. Bc5+ Kf7 69. Ke4 Ke6 70. Kd4 Nf4 71. Bb4 Kd7 72. Bd2 Ng6 73. Kd5 Nh4 74. Be3 Nf3 75. h3 Ne1 76. Bd4 Nd3 77. Ke4 Nf4 78. h4 Ke6 79. h5 Kf7 80. Bg1 Ke6 81. Bb6 Kf7 82. Bd4 Ke6 83. h6 Kf7 84. h7 Kg7 85. Bxf6+ Kxh7 86. Bxg5 Ne6 87. Be7 Kg6 88. Kd5 Kf7 89. Bc5 Nf4+ 90. Kc6 Ke6 91. Kb6 Kd5 92. Be3 Ng2 93. Bc1 Nh4 94. Kxa6 Kc6 95. g5 Ng6 96. Ka7 Kc7 97. a6 Kc8 98. Be3 Kc7 99. Bb6+ Kc8 100. Bg1 Kc7 101. Bh2+ Kc6 102. Kb8 Nf8 103. g6 Nd7+ 104. Kc8 Nb6+ 105. Kd8 Nd5 106. Be5 Kc5 107. a7 Nb4 108. a8Q 1-0

[Event "FICGS rapid A 000109 email"]
[Site "FICGS email"]
[Date "2011.07.06"]
[Round "1"]
[White "Soszynski, Marek J"]
[Black "Reid, Malcolm"]
[Result "0-1"]
[WhiteElo "2080"]
[BlackElo "2018"]
[PlyCount "108"]
[EventDate "2011.??.??"]
[EventType "tourn (rapid)"]
[EventRounds "6"]
[SourceTitle "Corr 2013"]
[Source "ChessBase"]
[SourceDate "2012.11.12"]
[SourceVersion "1"]
[SourceVersionDate "2012.11.12"]
[SourceQuality "1"]

1. e4 d5 2. exd5 Nf6 3. Nf3 Qxd5 4. d4 Bg4 5. Be2 Nc6 6. h3 Bxf3 7. Bxf3 Qd7 8. c3 e5 9. d5 Ne7 10. c4 Nf5 11. 0-0 Bd6 12. Nc3 0-0 13. Re1 Nd4 14. Be3 c5 15. Be4 a6 16. Bd3 b5 17. Rc1 b4 18. Nb1 a5 19. Nd2 h6 20. Nf1 a4 21. Ng3 Bc7 22. f3 Rfe8 23. Bf2 b3 24. a3 Qd6 25. Bb1 Ba5 26. Rf1 h5 27. Ne2 h4 28. Bxh4 Nh5 29. Qd3 g6 30. Nc3 Bxc3 31. Rxc3 Nf4 32. Qd2 Nfe2+ 33. Kh1 Nxc3 34. Qxc3 Kg7 35. Re1 Rh8 36. Bg3 Rae8 37. Qe3 Rh5 38. Bd3 f6 39. Qe4 Nf5 40. Bf2 Kf7 41. Kg1 Rh6 42. Qe2 Nd4 43. Qd1 f5 44. Qc1 Rhh8 45. Qc3 Qf6 46. Qc1 g5 47. Bf1 g4 48. fxg4 fxg4 49. Bxd4 exd4 50. Be2 Qe5 51. Rf1+ Kg7 52. Bxg4 d3 53. Kh1 Rhf8 54. Bf3 Rf4 0-1

[Event "FICGS class A 000095 email"]
[Site "FICGS email"]
[Date "2011.06.11"]
[Round "1"]
[White "Ponce, Trond Magne"]
[Black "Reid, Malcolm"]
[Result "1/2-1/2"]
[WhiteElo "2000"]
[BlackElo "2000"]
[PlyCount "113"]
[EventDate "2011.??.??"]
[EventType "tourn (corr)"]
[EventRounds "6"]
[SourceTitle "Corr 2013"]
[Source "ChessBase"]
[SourceDate "2012.11.12"]
[SourceVersion "1"]
[SourceVersionDate "2012.11.12"]
[SourceQuality "1"]

1. e4 d5 2. exd5 Nf6 3. d4 Bg4 4. Bb5+ Nbd7 5. f3 Bf5 6. Nc3 a6 7. Ba4 b5 8. Bb3 Nb6 9. Nge2 a5 10. Ng3 Bc8 11. a3 a4 12. Ba2 Nfxd5 13. Nxb5 c6 14. Nc3 Ba6 15. Nce4 e6 16. Nc5 Bb5 17. Kf2 Be7 18. Re1 0-0 19. Nge4 Nf6 20. Nxf6+ Bxf6 21. c3 Nc4 22. Kg1 Re8 23. Ne4 Bh4 24. g3 Be7 25. Qc2 Qb6 26. Qf2 Na5 27. Be3 Bc4 28. d5 Qb5 29. d6 f5 30. Bxc4 Nxc4 31. dxe7 fxe4 32. Bd4 e5 33. Bc5 e3 34. Bxe3 Rxe7 35. Rad1 e4 36. Bc1 Rf8 37. f4 Ne5 38. Rxe4 Nd3 39. Qe3 Rxe4 40. Qxe4 Nxc1 41. Rxc1 Qxb2 42. Rc2 Qxa3 43. Qc4+ Kh8 44. Ra2 Qc1+ 45. Kg2 a3 46. Qa4 Qxc3 47. Qxa3 Qxa3 48. Rxa3 Kg8 49. Kf3 Rb8 50. g4 g6 51. Ra6 Rc8 52. Ke4 Rc7 53. Kd4 c5+ 54. Kd5 c4 55. Ra2 c3 56. Rc2 Kg7 57. Kd4 1/2-1/2

[Event "FICGS class A 000095 email"]
[Site "FICGS email"]
[Date "2011.06.11"]
[Round "1"]
[White "Reid, Malcolm"]
[Black "Hoe, Yu Ming"]
[Result "1/2-1/2"]
[WhiteElo "2000"]
[BlackElo "2032"]
[PlyCount "130"]
[EventDate "2011.??.??"]
[EventType "tourn (corr)"]
[EventRounds "6"]
[SourceTitle "Corr 2013"]
[Source "ChessBase"]
[SourceDate "2012.11.12"]
[SourceVersion "1"]
[SourceVersionDate "2012.11.12"]
[SourceQuality "1"]

1. e4 c5 2. Na3 g6 3. Nf3 Nc6 4. c3 Nf6 5. e5 Nd5 6. Qb3 Nb6 7. d4 cxd4 8. Nb5 Bg7 9. a4 d6 10. a5 Nd7 11. exd6 0-0 12. Nbxd4 Nc5 13. Qa3 Qxd6 14. Bc4 b5 15. Bxb5 Nxd4 16. cxd4 Ne6 17. 0-0 Qxa3 18. Rxa3 Nxd4 19. Nxd4 Bxd4 20. Bc4 Rb8 21. b3 Be6 22. Bxe6 fxe6 23. Be3 Bxe3 24. fxe3 Rfc8 25. Rd1 Rc7 26. Rd4 Kf7 27. Kf2 Rb5 28. g4 Rc2+ 29. Kf3 e5 30. Rd7 a6 31. Ra7 Rc6 32. g5 Ke6 33. Kg4 Rb4+ 34. Kf3 Rd6 35. h3 Rc6 36. Kf2 Kf5 37. Rxe7 Rc2+ 38. Kf3 e4+ 39. Kg3 Re2 40. Rxh7 Rxe3+ 41. Kh4 Rd3 42. Ra2 e3+ 43. Kg3 Rbxb3 44. Rc2 Rd1 45. Rc5+ Ke4 46. Re7+ Kd3 47. Rce5 Rg1+ 48. Kf3 Rf1+ 49. Kg2 Rf2+ 50. Kg3 Kd2 51. R7e6 Rf8 52. h4 Rf1 53. Rd5+ Ke2 54. Rde5 Rd3 55. Re4 Kd2 56. Kg4 Ra1 57. Rxg6 e2 58. Rge6 e1R 59. Rxe1 Rxe1 60. Rxe1 Kxe1 61. g6 Kf2 62. Kg5 Rg3+ 63. Kf5 Ke3 64. h5 Rh3 65. Kg5 Rg3+ 1/2-1/2

[Event "FICGS class A 000095 email"]
[Site "FICGS email"]
[Date "2011.06.11"]
[Round "1"]
[White "Riha, Josef"]
[Black "Reid, Malcolm"]
[Result "0-1"]
[WhiteElo "2051"]
[BlackElo "2000"]
[PlyCount "100"]
[EventDate "2011.??.??"]
[EventType "tourn (corr)"]
[EventRounds "6"]
[SourceTitle "Corr 2013"]
[Source "ChessBase"]
[SourceDate "2012.11.12"]
[SourceVersion "1"]
[SourceVersionDate "2012.11.12"]
[SourceQuality "1"]

1. d4 Nc6 2. Nf3 d6 3. c4 e5 4. Nc3 exd4 5. Nxd4 Nge7 6. Nd5 Nxd4 7. Qxd4 c6 8. Nxe7 Qxe7 9. Bf4 Be6 10. a3 d5 11. cxd5 Bxd5 12. Rd1 Qc5 13. e4 Be6 14. Qd3 Be7 15. Qg3 0-0 16. Bd3 Rad8 17. 0-0 Rd7 18. Be5 f6 19. Bc7 Rc8 20. Bf4 Rcd8 21. e5 Kh8 22. b4 Qc3 23. Be2 Qxg3 24. Bxg3 Rd2 25. Rfe1 Kg8 26. Rc1 Kf7 27. Kf1 Ra2 28. Bc4 Bxc4+ 29. Rxc4 f5 30. e6+ Ke8 31. b5 cxb5 32. Rc7 Rxa3 33. Rxb7 b4 34. Bb8 a5 35. Bc7 Rc8 36. Rd1 Ra2 37. Be5 Bc5 38. Rxg7 Rc6 39. e7 Bxe7 40. Rxh7 b3 41. Rh8+ Kf7 42. Rh7+ Ke6 43. Ba1 Bg5 44. Re1+ Kd5 45. Rd7+ Kc4 46. Be5 Bd2 47. Rb1 Bc3 48. f4 a4 49. Rb7 b2 50. R1xb2 Rxb2 0-1